| 000 | 00467nam a2200205Ia 4500 | ||
|---|---|---|---|
| 008 | 210210b1945 xxu||||| |||| 00| 0 eng d | ||
| 041 | _aeng | ||
| 082 | _a954/174 | ||
| 100 | _aKINCAID | ||
| 245 | _aHistory of the Maratha people | ||
| 260 |
_aLondon _bOxford University Press _c1945 |
||
| 650 | _athe | ||
| 650 | _apeople | ||
| 650 | _aof | ||
| 650 | _aMaratha | ||
| 650 | _aHistory | ||
| 690 | _aIndian History | ||
| 700 | _aPARAANIS | ||
| 906 | _a025932 | ||
| 999 |
_c151846 _d151846 |
||